• 首页
  • 本馆介绍
  • 公告通知
  • 最新文献
  • 馆藏检索
  • 电子资源
  • 读者导购
  • 参考咨询
  • 我的图书馆
  • 登录
  • 详细信息显示
  • 放入我的书架
  • 预约/预借图书
  • 作者相关作品
  • 分类相关作品
  • 丛书相关作品
  • 出版社相关作品

书目信息

  • 表格格式
  • 工作单格式
  • 卡片格式
题名:
当心! 生活中的100种有毒物质
    
 
作者: 孙晶丹 主编
分册:  
出版信息: 成都   四川人民出版社  2017.12
页数: 200页
开本: 24cm
丛书名: 金版饮食文库
单 册:
中图分类: X327
科图分类:
主题词: 有毒物质--基本知识
电子资源:
ISBN: 978-7-220-10647-7
000 00945oam2 2200253 450
001 966
005 20180927084041.63
010    @a978-7-220-10647-7@dCNY39.80
100    @a20180315d2017 em y0chiy50 ea
101 0  @achi
102    @aCN@b510000
105    @aa z 000yy
200 1  @a当心! 生活中的100种有毒物质@9dang xin ! sheng huo zhong de 100zhong you du wu zhi@f孙晶丹主编
210    @a成都@c四川人民出版社@d2017.12
215    @a200页@c彩图@d24cm
225 1  @a金版饮食文库
300    @a食品安全系列
330    @a本书分八章,分别介绍家庭中的有毒物质,食品添加剂中的有毒物质,药品、化妆品中的有毒物质,天然食物中的有毒物质,农业、水产、畜牧业中的有毒物质,工业用品中的有毒物质,生活环境中的有毒物质,以及生活中有可能接触到的可致命的毒药。
461  0 @12001 @a金版饮食文库
606 0  @a有毒物质@x基本知识
690    @aX327@v5
701  0 @a孙晶丹@9sun jing dan@4主编
801  0 @aCN@b91MARC@c20180315
905    @aMuseLib@dX327@e224
    
    当心! 生活中的100种有毒物质/孙晶丹主编.-成都:四川人民出版社,2017.12
    200页:彩图;24cm.-(金版饮食文库)
    食品安全系列
    
    ISBN 978-7-220-10647-7:CNY39.80
    本书分八章,分别介绍家庭中的有毒物质,食品添加剂中的有毒物质,药品、化妆品中的有毒物质,天然食物中的有毒物质,农业、水产、畜牧业中的有毒物质,工业用品中的有毒物质,生活环境中的有毒物质,以及生活中有可能接触到的可致命的毒药。
●
相关链接 在E读中查询图书 在五车中查询图书 在当当中查询图书 在豆瓣中查询图书


正题名:当心! 生活中的100种有毒物质     索取号:X327/224         预约/预借

序号 登录号 条形码 馆藏地/架位号 状态 备注
1 1120519   211205195   第二样本阅览室/ [索取号:X327/224] 在馆    
2 1120520   211205202   第三借阅区/ [索取号:X327/224] 在馆    
3 1120521   211205211   第三借阅区/ [索取号:X327/224] 在馆    
4 1120522   211205220   第三借阅区/ [索取号:X327/224] 在馆    
5 1120523   211205239   密集书库-生命科学系/ [索取号:X327/224] 在馆    
唐山师范学院图书馆 欢迎您!
大连网信软件有限公司© 版权所有